00465nam a2200181 a 4500001001300000003000900013005001700022008004100039020001000080082001700090100002700107245001900134260003100153300000900184500003500193650002800228700002700256nice12345678IN_TiNIC20260116011415.0070713s0000 teha grp 000 0 ara  ac10000a297.211bJAF aJaffar, Muhammad Sadiq aKitabur Tawhid aTehranbNo Publisherc0000 a519p aincludes index and biblioraphy aIslam-Doctrines-Tawheed1 aJaffar, Muhammad Sadiq